Health internetwork access to research initiative
Zapisane w:
| Format: | Książka |
|---|---|
| Język: | Undetermined |
| Wydane: |
Thành phố Hồ Chí Minh
Thư viện ĐHYD Thành phố Hồ Chí Minh
|
| Hasła przedmiotowe: | |
| Etykiety: |
Dodaj etykietę
Nie ma etykietki, Dołącz pierwszą etykiete!
|
| Thư viện lưu trữ: | Trung tâm Học liệu Trường Đại học Cần Thơ |
|---|
| LEADER | 00512nam a2200145Ia 4500 | ||
|---|---|---|---|
| 001 | CTU_103439 | ||
| 008 | 210402s9999 xx 000 0 und d | ||
| 082 | |a 613 | ||
| 082 | |b H434 | ||
| 245 | 0 | |a Health internetwork access to research initiative | |
| 260 | |a Thành phố Hồ Chí Minh | ||
| 260 | |b Thư viện ĐHYD Thành phố Hồ Chí Minh | ||
| 650 | |a Health,Information network,Information services,Public health | ||
| 904 | |i Truc | ||
| 980 | |a Trung tâm Học liệu Trường Đại học Cần Thơ | ||